Statistics for Countries Importing The Most Apples

Click here to take the quiz!

General Stats

  • This quiz has been taken 30 times
  • The average score is 16 of 24

Answer Stats

tonsCountry% Correct
479,667United Kingdom
92%
198,746United States
92%
233,575Canada
88%
300,995China
88%
194,335India
84%
1,352,347Russia
84%
239,386France
80%
658,442Germany
80%
240,068Spain
80%
160,491Belgium
72%
129,932Indonesia
72%
274,978Mexico
72%
330,991Netherlands
72%
144,164Thailand
72%
160,712Egypt
68%
109,153Vietnam
64%
118,319Austria
56%
144,127Taiwan
48%
113,740Algeria
44%
189,295Saudi Arabia
44%
172,726United Arab Emirates
40%
145,714Bangladesh
32%
127,600Kazakhstan
32%
180,494Belarus
28%

Score Distribution

Percentile by Number Answered

Percent of People with Each Score

Your Score History

You have not taken this quiz